<?xml version="1.0" encoding="UTF-8"?>
<record
    xmlns:xsi="http://www.w3.org/2001/XMLSchema-instance"
    xsi:schemaLocation="http://www.loc.gov/MARC21/slim http://www.loc.gov/standards/marcxml/schema/MARC21slim.xsd"
    xmlns="http://www.loc.gov/MARC21/slim">

  <leader>00389nam a2200109Ia 4500</leader>
  <controlfield tag="008">180430s9999    xx            000 0 und d</controlfield>
  <datafield tag="020" ind1=" " ind2=" ">
    <subfield code="a">9786218029132</subfield>
  </datafield>
  <datafield tag="100" ind1=" " ind2=" ">
    <subfield code="a">Millan, Zeus Vernon B.</subfield>
  </datafield>
  <datafield tag="245" ind1=" " ind2=" ">
    <subfield code="a">Conceptual framework &amp; accounting standards /</subfield>
    <subfield code="b">Based on Philippine financial reporting standards (PFRSs) /</subfield>
  </datafield>
  <datafield tag="260" ind1=" " ind2=" ">
    <subfield code="a">Baguio City:</subfield>
    <subfield code="b">Bandolin Enterprise</subfield>
    <subfield code="c">2018</subfield>
  </datafield>
  <datafield tag="300" ind1=" " ind2=" ">
    <subfield code="a">iii, 672 pages</subfield>
  </datafield>
  <datafield tag="999" ind1=" " ind2=" ">
    <subfield code="c">356390</subfield>
    <subfield code="d">356390</subfield>
  </datafield>
  <datafield tag="952" ind1=" " ind2=" ">
    <subfield code="0">0</subfield>
    <subfield code="1">0</subfield>
    <subfield code="4">0</subfield>
    <subfield code="a">CL</subfield>
    <subfield code="b">CL</subfield>
    <subfield code="c">FIL</subfield>
    <subfield code="d">2018-04-30</subfield>
    <subfield code="e">LIBRARY FUND</subfield>
    <subfield code="l">1</subfield>
    <subfield code="m">38</subfield>
    <subfield code="o">HF 5626 .M645 2018</subfield>
    <subfield code="p">C21492</subfield>
    <subfield code="r">2019-05-02 00:00:00</subfield>
    <subfield code="s">2018-07-23</subfield>
    <subfield code="w">2018-04-30</subfield>
    <subfield code="y">BK</subfield>
  </datafield>
</record>
